A-Letter Subdivisions of Africa - Statistics

General Stats
  • This quiz has been taken 26 times
    6 since last reset
  • The average score is 23 of 64
Answer Stats
Country Subdivision Type Answer % Correct
Ethiopia City Addis Ababa
100%
Cameroon Region Adamawa
75%
Nigeria State Adamawa
75%
Algeria Province Adrar
75%
Mauritania Region Adrar
75%
Ethiopia Region Afar
75%
Niger Region Agadez
75%
Algeria Province Algiers
75%
Benin Department Alibori
75%
Ethiopia Region Amhara
75%
Nigeria State Abia
50%
Côte d'Ivoire District Abidjan
50%
Ghana Region Ahafo
50%
Algeria Province Aïn Defla
50%
Nigeria State Akwa Ibom
50%
Egypt Governorate Alexandria
50%
Djibouti Region Ali Sabieh
50%
Nigeria State Anambra
50%
Comoros Island Anjouan
50%
Algeria Province Annaba
50%
Eritrea Region Anseba
50%
Egypt Governorate Aswan
50%
Egypt Governorate Asyut
50%
Benin Department Atakora
50%
Madagascar Region Atsimo-Atsinanana
50%
Uganda District Abim
25%
South Sudan Area Abyei
25%
Uganda Distrcit Adjumani
25%
Uganda District Agago
25%
Mauritius Island Agaléga
25%
São Tomé and Príncipe District Água Grande
25%
Algeria Province Ain Salah
25%
Algeria Province Aïn Témouchent
25%
Madagascar Region Alaotra-Mangoro
25%
Uganda District Alebtong
25%
Sudan State Al Qadarif
25%
Uganda District Amolatar
25%
Madagascar Region Amoron'i Mania
25%
Uganda District Amudat
25%
Uganda District Amuria
25%
Uganda District Amuru
25%
Madagascar Region Analamanga
25%
Madagascar Region Analanjirofo
25%
Madagascar Region Androy
25%
Madagascar Region Anosy
25%
Uganda District Apac
25%
Tunisia Governorate Ariana
25%
Djibouti Region Arta
25%
Uganda District Arua
25%
Ghana Region Ashanti
25%
Mauritania Region Assaba
25%
Benin Department Atlantique
25%
Madagascar Region Atsimo-Andrefana
25%
Madagascar Region Atsinanana
25%
Libya District Al Butnan
0%
Libya District Al Wahat
0%
Madagascar Region Ambatosoa
0%
Equatorial Guinea Province Annobón
0%
Seychelles District Anse aux Pins
0%
Seychelles District Anse Boileau
0%
Seychelles District Anse Etoile
0%
Seychelles District Anse Royale
0%
Tanzania Region Arusha
0%
Seychelles District Au Cap
0%
No matching quizzes found
Score Distribution
Percent of People with Each Score
Percentile by Number Answered
Your Score History
You have not taken this quiz since the last reset